<?xml version="1.0" encoding="UTF-8"?>
<record
    xmlns:xsi="http://www.w3.org/2001/XMLSchema-instance"
    xsi:schemaLocation="http://www.loc.gov/MARC21/slim http://www.loc.gov/standards/marcxml/schema/MARC21slim.xsd"
    xmlns="http://www.loc.gov/MARC21/slim">

  <leader>01416cam a2200385 a 4500</leader>
  <datafield tag="999" ind1=" " ind2=" ">
    <subfield code="c">23936</subfield>
    <subfield code="d">23936</subfield>
  </datafield>
  <controlfield tag="001">vtls010630011</controlfield>
  <controlfield tag="005">20250926101326.0</controlfield>
  <controlfield tag="008">230626s2014    xo ioacg e    000 0 slo  </controlfield>
  <datafield tag="020" ind1=" " ind2=" ">
    <subfield code="a">9788081281167 (viaz.)</subfield>
  </datafield>
  <datafield tag="035" ind1=" " ind2=" ">
    <subfield code="a">F9E7BDFC-C75C-447C-96EC-9E1FCF50ED63</subfield>
  </datafield>
  <datafield tag="035" ind1=" " ind2=" ">
    <subfield code="a">urn:nbn:sk:snk-amjow3</subfield>
  </datafield>
  <datafield tag="035" ind1=" " ind2=" ">
    <subfield code="a">urn:nbn:sk:snk-am002gr4</subfield>
  </datafield>
  <datafield tag="040" ind1=" " ind2=" ">
    <subfield code="a">POKPOH</subfield>
    <subfield code="b">slo</subfield>
    <subfield code="c">POKPOH</subfield>
    <subfield code="d">SNK</subfield>
    <subfield code="e">AACR2</subfield>
  </datafield>
  <datafield tag="041" ind1="0" ind2=" ">
    <subfield code="a">slo</subfield>
  </datafield>
  <datafield tag="044" ind1=" " ind2=" ">
    <subfield code="a">xo</subfield>
    <subfield code="c">SK</subfield>
  </datafield>
  <datafield tag="072" ind1=" " ind2="7">
    <subfield code="a">908(437)</subfield>
    <subfield code="x">Vlastiveda &#x10C;eska a Slovenska</subfield>
    <subfield code="2">konspekt</subfield>
  </datafield>
  <datafield tag="072" ind1=" " ind2="7">
    <subfield code="a">94(437)</subfield>
    <subfield code="x">Dejiny &#x10C;eska a Slovenska</subfield>
    <subfield code="2">konspekt</subfield>
  </datafield>
  <datafield tag="080" ind1=" " ind2=" ">
    <subfield code="a">908(437.6)</subfield>
    <subfield code="2">2001</subfield>
  </datafield>
  <datafield tag="080" ind1=" " ind2=" ">
    <subfield code="a">94(437.6)</subfield>
    <subfield code="2">2001</subfield>
  </datafield>
  <datafield tag="080" ind1=" " ind2=" ">
    <subfield code="a">(031)</subfield>
    <subfield code="2">2001</subfield>
  </datafield>
  <datafield tag="100" ind1="1" ind2=" ">
    <subfield code="a">Machala, Drahoslav,</subfield>
    <subfield code="d">1947-2015</subfield>
    <subfield code="4">pht</subfield>
    <subfield code="4">aut</subfield>
    <subfield code="9">4867</subfield>
  </datafield>
  <datafield tag="245" ind1="1" ind2="0">
    <subfield code="a">Slovensk&#xE1; vlastiveda</subfield>
    <subfield code="n">II</subfield>
    <subfield code="p">Tren&#x10D;ianska &#x17E;upa</subfield>
    <subfield code="c">Drahoslav Machala ; [fotografie: Drahoslav Machala, Laco P&#xE1;kozdy ... [et al.]]</subfield>
  </datafield>
  <datafield tag="246" ind1="3" ind2="0">
    <subfield code="a">Tren&#x10D;ianska &#x17E;upa</subfield>
  </datafield>
  <datafield tag="260" ind1=" " ind2=" ">
    <subfield code="a">Martin</subfield>
    <subfield code="b">Matica slovensk&#xE1;</subfield>
    <subfield code="c">2014</subfield>
  </datafield>
  <datafield tag="300" ind1=" " ind2=" ">
    <subfield code="a">374 s.</subfield>
    <subfield code="b">erby, fotogr., ilustr., portr.</subfield>
    <subfield code="c">31 cm</subfield>
  </datafield>
  <datafield tag="651" ind1=" " ind2="7">
    <subfield code="a">Tren&#x10D;ianska &#x17E;upa (Slovensko)</subfield>
    <subfield code="2">SNKPH</subfield>
    <subfield code="9">4868</subfield>
  </datafield>
  <datafield tag="651" ind1=" " ind2="7">
    <subfield code="a">Slovensko</subfield>
    <subfield code="x">dejiny</subfield>
    <subfield code="2">SNKPH</subfield>
    <subfield code="9">1981</subfield>
  </datafield>
  <datafield tag="651" ind1=" " ind2="7">
    <subfield code="a">Slovensko</subfield>
    <subfield code="x">vlastiveda</subfield>
    <subfield code="2">SNKPH</subfield>
    <subfield code="9">4869</subfield>
  </datafield>
  <datafield tag="651" ind1=" " ind2="7">
    <subfield code="a">Slovakia</subfield>
    <subfield code="x">history</subfield>
    <subfield code="2">SNKPHeng</subfield>
    <subfield code="9">2322</subfield>
  </datafield>
  <datafield tag="651" ind1=" " ind2="7">
    <subfield code="a">Slovakia</subfield>
    <subfield code="x">history and geography</subfield>
    <subfield code="2">SNKPHeng</subfield>
    <subfield code="9">4870</subfield>
  </datafield>
  <datafield tag="655" ind1=" " ind2="7">
    <subfield code="a">encyklop&#xE9;die</subfield>
    <subfield code="2">SNKPH</subfield>
    <subfield code="9">1494</subfield>
  </datafield>
  <datafield tag="655" ind1=" " ind2="7">
    <subfield code="a">Encyclopedias</subfield>
    <subfield code="2">SNKPHeng</subfield>
    <subfield code="9">1495</subfield>
  </datafield>
  <datafield tag="700" ind1="1" ind2=" ">
    <subfield code="a">P&#xE1;kozdy, Laco</subfield>
    <subfield code="4">pht</subfield>
    <subfield code="9">4871</subfield>
  </datafield>
  <datafield tag="958" ind1=" " ind2=" ">
    <subfield code="a">NB</subfield>
  </datafield>
  <datafield tag="952" ind1=" " ind2=" ">
    <subfield code="0">0</subfield>
    <subfield code="1">0</subfield>
    <subfield code="2">udc</subfield>
    <subfield code="4">0</subfield>
    <subfield code="7">0</subfield>
    <subfield code="8">D</subfield>
    <subfield code="a">10000</subfield>
    <subfield code="b">10000</subfield>
    <subfield code="d">2025-09-26</subfield>
    <subfield code="i">22292</subfield>
    <subfield code="o">S1590</subfield>
    <subfield code="p">S1590</subfield>
    <subfield code="r">2025-09-26</subfield>
    <subfield code="w">2025-09-26</subfield>
    <subfield code="y">OLDO</subfield>
  </datafield>
</record>
